Heziketa artistikoko langaiak 2. Karpeta didaktikoa. Lehen hezkuntzako lehenengo ziklorako. Bruño proposamena

Gespeichert in:
Bibliographische Detailangaben
Format: keine Angabe
Sprache:Spanisch
Erschienen: Bilbao Bruño 1992
Katalog:MANES:  Suchergebnis im Bibliothekskatalog
Schulbuchspezifische Eigenschaften:
Schriftenreihe:Proyecto Beta
Tags: Tag hinzufügen
Keine Tags, Fügen Sie den ersten Tag hinzu!
Hinzugefügt zu:26.04.2016
Geändert in:20.11.2024

MARC

LEADER 000000000a22000000004500
001 03770
003 OSt
005 20241121020110.0
008 160427s sp ||||| |||| 00| 0 spa d
040 |c centro_manes 
041 1 |b aq 
691 7 |a PRI 
245 0 0 |a Heziketa artistikoko langaiak 2. Karpeta didaktikoa. Lehen hezkuntzako lehenengo ziklorako. Bruño proposamena 
260 3 |a Bilbao  |b Bruño  |c 1992 
300 |a 12, 69-136 p.  |c 29x21 cm 
440 |a Proyecto Beta  |9 597 
500 |a Incluido en una carpeta con otras guías de su mismo curso. Fecha de publicación tomada del Depósito Legal 
690 0 |a EyL 
942 |2 ddc  |c BK 
546 |a España 
999 |c 9744  |d 9744 
999 |c manes:9744  |d 9744